000 00645nam a2200217 u 4500
005 20241016063757.0
008 160726s2009 es r 000 0 spa d
020 _a9788481318449
035 _aUPN01000211926
049 _aI
050 4 _aBF723 S2.8
_bR6.2
100 1 _aRosas, Alejandro
_932672
245 1 0 _aBibi ya no se chupa el dedo /
_ctexto, il. y tr. Alejandro Rosas.
260 _aValencia :
_bTándem,
_c2009.
300 _a39 p. :
_bil. col.
440 0 _aPrimeras decisiones
650 4 _aAUTOPERCEPCION EN NIÑOS
_915367
650 0 _aAutoestima en niños
_9356
650 4 _aYo, Él (Psicología)
_97691
905 _aInfantil
999 _c184027
_d184027